| 000 | 00375nam a2200157Ia 4500 | ||
|---|---|---|---|
| 008 | 170203s9999 xx 000 0 und d | ||
| 050 | _aFic | ||
| 050 | _b.J12 1999 | ||
| 245 | _aJack and the Beanstalk / | ||
| 260 | _aMakati City : | ||
| 260 | _bDolphin Books | ||
| 260 | _c1999 | ||
| 300 | _a24 pages | ||
| 300 | _bcol. ill. ; | ||
| 440 | _aClassic Tales Collection | ||
| 999 |
_c306067 _d306067 |
||